[Event "Montcalm 6 2018-19"]
[Site "Quebec CAN"]
[Date "2019.04.18"]
[Round "5"]
[White "Perreault, Jacquelin"]
[Black "Le-Huu, Pascal"]
[Result "1-0"]
[WhiteElo "1711"]
[BlackElo "1233"]
[PlyCount "57"]
[EventDate "2019.03.21"]
[EventType "swiss"]
[EventRounds "5"]
[EventCountry "CAN"]

1. e4 e5 2. Nf3 Nf6 3. d4 exd4 4. e5 Ng4 5. h3 Nh6 6. Bxh6 gxh6 7. Qxd4 Nc6 8.
Qd2 d6 9. Bc4 Qe7 10. O-O Rg8 11. exd6 Qxd6 12. Re1+ Be6 13. Qxd6 Bxd6 14. Bxe6
fxe6 15. Rxe6+ Ne7 16. Nc3 Rg6 17. Rae1 Rxe6 18. Rxe6 O-O-O 19. Rxh6 Rh8 20.
Ne4 Bf4 21. Nfg5 Rd8 22. g3 Bxg5 23. Nxg5 b6 24. Rxh7 Rd1+ 25. Kg2 Re1 26. h4
Nd5 27. Rf7 Nb4 28. h5 Nxc2 29. h6 1-0

[Event "Montcalm 6 2018-19"]
[Site "Quebec CAN"]
[Date "2019.04.18"]
[Round "5"]
[White "Sauve, Richard"]
[Black "Auger, Bertrand"]
[Result "1/2-1/2"]
[WhiteElo "1899"]
[BlackElo "1953"]
[PlyCount "59"]
[EventDate "2019.03.21"]
[EventType "swiss"]
[EventRounds "5"]
[EventCountry "CAN"]

1. d4 Nf6 2. c4 e6 3. Nc3 Bb4 4. Qc2 b6 5. e4 Bb7 6. Bd3 c5 7. d5 exd5 8. cxd5
Qe7 9. Nge2 c4 10. Bxc4 Qxe4 11. Qxe4+ Nxe4 12. O-O Nd6 13. Bb3 Na6 14. Bf4 Nf5
15. a3 Bxc3 16. Nxc3 O-O 17. Rad1 Rfe8 18. Bc2 Ne7 19. Bd6 Rac8 20. Bb1 Nc5 21.
Ba2 Nf5 22. Bf4 Ba6 23. Rfe1 Nd3 24. Rxe8+ Rxe8 25. Bc1 Nd6 26. Bb1 Nxc1 27.
Rxc1 Bc4 28. f3 f5 29. Kf2 Kf7 30. Re1 1/2-1/2

[Event "Montcalm 7 2018-19"]
[Site "Quebec CAN"]
[Date "2019.04.25"]
[Round "1"]
[White "Auger, Bertrand"]
[Black "Fleury, Dominic"]
[Result "1-0"]
[WhiteElo "1925"]
[BlackElo "1372"]
[PlyCount "47"]
[EventDate "2019.04.25"]
[EventType "swiss"]
[EventRounds "5"]
[EventCountry "CAN"]

1. Nf3 Nf6 2. g3 d5 3. Bg2 Nc6 4. d4 Bf5 5. O-O e6 6. c4 Bd6 7. Nc3 dxc4 8. Bg5
Be7 9. Ne5 Nd5 10. Nxc6 bxc6 11. e4 Nxc3 12. bxc3 Bxg5 13. exf5 O-O 14. fxe6
Qd6 15. exf7+ Rxf7 16. d5 Raf8 17. dxc6 Qc5 18. Qd5 Qb6 19. Rab1 Qa6 20. Qxg5
Rxf2 21. Rxf2 Rxf2 22. Rb8+ Rf8 23. Bd5+ Kh8 24. Rxf8# 1-0

[Event "Montcalm 7 2018-19"]
[Site "Quebec CAN"]
[Date "2019.04.25"]
[Round "1"]
[White "Boissinot, Claude"]
[Black "Gaulin, Gaetan"]
[Result "0-1"]
[WhiteElo "1561"]
[BlackElo "1957"]
[PlyCount "72"]
[EventDate "2019.04.25"]
[EventType "swiss"]
[EventRounds "5"]
[EventCountry "CAN"]

1. e4 d6 2. d4 g6 3. f4 Bg7 4. Bc4 c6 5. Nf3 d5 6. exd5 cxd5 7. Bb5+ Bd7 8.
Bxd7+ Nxd7 9. Nc3 Ngf6 10. O-O O-O 11. h3 Rc8 12. Re1 e6 13. Bd2 a6 14. Rc1 b5
15. a3 Qb6 16. Kh1 Rc7 17. Be3 Rfc8 18. Ne5 b4 19. axb4 Qxb4 20. Nd3 Qb7 21.
Ne2 Ne4 22. c3 Nb6 23. Nc5 Nxc5 24. dxc5 Nd7 25. b4 a5 26. Qa4 axb4 27. cxb4
Ra8 28. c6 Rxa4 29. cxb7 Rxb7 30. Rc8+ Bf8 31. Bd2 Rb8 32. Rc7 Nf6 33. Bc3 Ne4
34. b5 Rxb5 35. Rc8 Rc5 36. Rxc5 Bxc5 0-1

[Event "Montcalm 7 2018-19"]
[Site "Quebec CAN"]
[Date "2019.04.25"]
[Round "1"]
[White "Le-Huu, Pascal"]
[Black "Cummins, Paul"]
[Result "1-0"]
[WhiteElo "1305"]
[BlackElo "1725"]
[PlyCount "38"]
[EventDate "2019.04.25"]
[EventType "swiss"]
[EventRounds "5"]
[EventCountry "CAN"]

1. d4 f5 2. Bf4 Nf6 3. Nc3 c6 4. Qd3 e6 5. Nf3 Be7 6. h3 Qa5 7. Bd2 Qc7 8. e4
fxe4 9. Nxe4 d5 10. Nxf6+ Bxf6 11. Bg5 Qe7 12. h4 Nd7 13. O-O-O Nf8 14. Ne5
Bxg5+ 15. hxg5 Qxg5+ 16. Kb1 Qf5 17. Qg3 Bd7 18. Qxg7 O-O-O 19. Nf7 Ng6 1-0

[Event "Montcalm 7 2018-19"]
[Site "Quebec CAN"]
[Date "2019.04.25"]
[Round "1"]
[White "Plante, Rejean"]
[Black "Hines, Jason"]
[Result "1-0"]
[WhiteElo "2041"]
[BlackElo "1569"]
[PlyCount "107"]
[EventDate "2019.04.25"]
[EventType "swiss"]
[EventRounds "5"]
[EventCountry "CAN"]

1. c4 d6 2. d4 Nf6 3. Nc3 Nbd7 4. e4 e5 5. d5 c6 6. Nf3 Qc7 7. Be2 Be7 8. O-O
h6 9. Ne1 Nf8 10. Be3 a6 11. Nd3 c5 12. f4 N8h7 13. Rc1 O-O 14. fxe5 dxe5 15.
Qe1 Bg4 16. Rc2 Kh8 17. Qg3 Bh5 18. Bxh5 Nxh5 19. Qxe5 Qxe5 20. Nxe5 N5f6 21.
Nd3 b6 22. h3 Rae8 23. e5 Nd7 24. Rcf2 Bh4 25. Rxf7 Rxf7 26. Rxf7 Nxe5 27. Nxe5
Rxe5 28. Bf2 Be7 29. Bg3 Ng5 30. Bxe5 Nxf7 31. Bc7 Bd8 32. Bxd8 Nxd8 33. Na4 b5
34. cxb5 axb5 35. Nxc5 Kg8 36. Kf2 Kf7 37. Ke3 Ke7 38. Kd4 Kd6 39. Ne4+ Kc7 40.
Kc5 b4 41. Kxb4 Kb6 42. a4 Nb7 43. b3 Ka6 44. Nc5+ Kb6 45. Nxb7 Kxb7 46. Kc5
Kc7 47. d6+ Kc8 48. a5 Kb7 49. b4 Kc8 50. a6 Kb8 51. b5 Kc8 52. a7 Kb7 53. b6
Ka8 54. d7 1-0

[Event "Montcalm 7 2018-19"]
[Site "Quebec CAN"]
[Date "2019.05.02"]
[Round "2"]
[White "Auger, Bertrand"]
[Black "Plante, Rejean"]
[Result "0-1"]
[WhiteElo "1925"]
[BlackElo "2041"]
[PlyCount "116"]
[EventDate "2019.04.25"]
[EventType "swiss"]
[EventRounds "5"]
[EventCountry "CAN"]

1. Nf3 c5 2. g3 Nf6 3. Bg2 d5 4. O-O g6 5. b3 Bg7 6. d4 O-O 7. Bb2 b6 8. Nbd2
Bb7 9. Ne5 cxd4 10. Ndf3 Nbd7 11. Bxd4 Rc8 12. Bh3 e6 13. b4 Nxe5 14. Nxe5 Ne4
15. f3 Nc3 16. Qd2 Qc7 17. f4 Ne4 18. Qe3 Qxc2 19. Rad1 Ba6 20. Rfe1 Bb5 21.
Ng4 h5 22. Bxg7 Kxg7 23. Qd4+ Kh7 24. Ne3 Qc3 25. Bg2 Qxd4 26. Rxd4 Nf6 27. h3
Rc3 28. Kf2 Rfc8 29. g4 Ra3 30. g5 Ne8 31. Bf3 Rcc3 32. Ng2 Rxa2 33. f5 gxf5
34. Bxh5 Nd6 35. Bf3 Ne4+ 36. Bxe4 fxe4 37. h4 Rcc2 38. Nf4 Bc4 39. g6+ fxg6
40. Nxe6 Rxe2+ 41. Rxe2 Rxe2+ 42. Kg3 a5 43. bxa5 bxa5 44. Rd1 a4 45. Rb1 Bb3
46. Rc1 Bc4 47. Rb1 Re3+ 48. Kf4 Rb3 49. Rg1 Rf3+ 50. Ke5 a3 51. Ng5+ Kh6 52.
Nxf3 exf3 53. h5 Kxh5 54. Kf4 g5+ 55. Kxf3 a2 56. Ke3 Kg6 57. Kd4 Kf5 58. Kc3
g4 0-1

[Event "Montcalm 7 2018-19"]
[Site "Quebec CAN"]
[Date "2019.05.02"]
[Round "2"]
[White "Cummins, Paul"]
[Black "Dumont, Eric"]
[Result "0-1"]
[WhiteElo "1725"]
[BlackElo "1651"]
[PlyCount "78"]
[EventDate "2019.04.25"]
[EventType "swiss"]
[EventRounds "5"]
[EventCountry "CAN"]

1. e4 c6 2. Nc3 g6 3. Bc4 Bg7 4. Qf3 d5 5. exd5 Nf6 6. d3 O-O 7. Bf4 cxd5 8.
Nxd5 Nxd5 9. Bxd5 Bxb2 10. Rb1 Bc3+ 11. Kf1 Bg4 12. Qe4 Nd7 13. Bxb7 e5 14. Be3
Nf6 15. Qc4 Ba5 16. Bxa8 Qxa8 17. Bg5 Be6 18. Qa4 Bd8 19. Nf3 Nd5 20. Qh4 f6
21. Bd2 Rf7 22. Qa4 Bd7 23. Qb3 Bb6 24. a4 Be6 25. c4 Nf4 26. Bxf4 exf4 27. d4
Kg7 28. Qc3 Qd8 29. d5 Bf5 30. Rd1 Qd6 31. Nd4 Bd7 32. g3 Bxa4 33. Ne6+ Kg8 34.
Rb1 Bd7 35. Nxf4 Qc5 36. Nd3 Bh3+ 37. Ke1 Re7+ 38. Kd2 Qc7 39. Rxb6 Qxb6 0-1

[Event "Montcalm 7 2018-19"]
[Site "Quebec CAN"]
[Date "2019.05.02"]
[Round "2"]
[White "Gaulin, Gaetan"]
[Black "Gagnon, Stephane"]
[Result "1/2-1/2"]
[WhiteElo "1957"]
[BlackElo "1629"]
[PlyCount "79"]
[EventDate "2019.04.25"]
[EventType "swiss"]
[EventRounds "5"]
[EventCountry "CAN"]

1. c4 c5 2. Nf3 Nf6 3. g3 g6 4. Bg2 d5 5. cxd5 Nxd5 6. Qa4+ Bd7 7. Qb3 e6 8.
Nc3 Nc6 9. Nxd5 exd5 10. Qxd5 Be6 11. Qe4 Bg7 12. O-O O-O 13. d3 Bf5 14. Qc4
Qb6 15. Re1 Rac8 16. Nh4 Be6 17. Bd5 Bxd5 18. Qxd5 Rcd8 19. Qc4 Rd4 20. Qc2 Nb4
21. Qb3 Qc6 22. Nf3 Rxd3 23. exd3 Qxf3 24. Be3 Rd8 25. Rad1 b6 26. a3 Nd5 27.
Rd2 Re8 28. Qa4 Re7 29. Qc6 h5 30. Rde2 Kh7 31. Qa8 h4 32. Qc8 Re6 33. gxh4
Qg4+ 34. Kh1 Qf3+ 35. Kg1 Be5 36. Qf8 Bg7 37. Qb8 Be5 38. Qf8 Qg4+ 39. Kh1 Qf3+
40. Kg1 1/2-1/2

[Event "Montcalm 7 2018-19"]
[Site "Quebec CAN"]
[Date "2019.05.09"]
[Round "3"]
[White "Dumont, Eric"]
[Black "Sarra-Bournet, Marc"]
[Result "1-0"]
[WhiteElo "1651"]
[BlackElo "1827"]
[PlyCount "123"]
[EventDate "2019.04.25"]
[EventType "swiss"]
[EventRounds "5"]
[EventCountry "CAN"]

1. d4 d5 2. Bf4 Nf6 3. e3 e6 4. Nf3 Be7 5. h3 O-O 6. Nbd2 b6 7. Bd3 Ba6 8. Qe2
Bxd3 9. cxd3 c5 10. Rc1 Nc6 11. dxc5 bxc5 12. O-O Rc8 13. Nb3 Qb6 14. Rc2 Nb4
15. Nc1 Nxc2 16. Qxc2 c4 17. d4 Ne4 18. Ne2 Qa5 19. Nc3 Nxc3 20. bxc3 h6 21.
Rb1 Qa6 22. Ne5 Rfd8 23. Ng4 f5 24. Ne5 Bd6 25. Ng6 Kh7 26. Bxd6 Qxd6 27. Ne5
Rb8 28. g4 Rxb1+ 29. Qxb1 Rb8 30. Qc2 Qa3 31. gxf5 Rb2 32. Qd1 Qxc3 33. fxe6
Qb4 34. Kg2 Qe7 35. Qg4 Qf6 36. Nf3 Kh8 37. e4 c3 38. e7 Qxe7 39. Qc8+ Kh7 40.
Qxc3 Rxa2 41. e5 Qe6 42. Nh4 Qf7 43. Qd3+ Kg8 44. Nf3 Qe6 45. Qb1 Ra3 46. Qc2
Qf7 47. Nd2 Qh5 48. Nb3 Qg5+ 49. Kf1 Qe7 50. Qc8+ Kh7 51. Qc2+ g6 52. Nc5 Rxh3
53. e6 Rh4 54. Nd7 Rf4 55. Qc7 Kg8 56. Qxf4 g5 57. Qe5 Qa3 58. Nf6+ Kf8 59.
Nxd5 Qh3+ 60. Ke2 Qg4+ 61. Kd2 Qf3 62. Qh8# 1-0

[Event "Montcalm 7 2018-19"]
[Site "Quebec CAN"]
[Date "2019.05.09"]
[Round "3"]
[White "Gagnon, Stephane"]
[Black "Auger, Bertrand"]
[Result "0-1"]
[WhiteElo "1629"]
[BlackElo "1925"]
[PlyCount "82"]
[EventDate "2019.04.25"]
[EventType "swiss"]
[EventRounds "5"]
[EventCountry "CAN"]

1. e4 e6 2. d4 d5 3. Nc3 dxe4 4. Nxe4 Bd7 5. Nf3 Bc6 6. Bd3 Nd7 7. Bg5 Be7 8.
h4 h6 9. Bf4 Ngf6 10. Qe2 Nd5 11. Bd2 Nb4 12. a3 Nxd3+ 13. Qxd3 Nf6 14. Nxf6+
Bxf6 15. O-O-O Qd7 16. Rhe1 O-O-O 17. Bc3 Bxf3 18. Qxf3 Qd5 19. Qg3 Rd7 20. Kb1
Rhd8 21. f3 Qc4 22. Rd3 Rd5 23. b3 Qc6 24. Red1 Qd6 25. Qf2 Qxa3 26. b4 Qa6 27.
Bb2 Qc4 28. Qd2 Rb5 29. Qe2 Rxb4 30. Qd2 Qb5 31. c4 Rxc4 32. Qe3 Rb4 33. Qf2
Rd5 34. R1d2 Qc4 35. Qe3 Ra5 36. Rc3 Qf1+ 37. Rc1 Qa6 38. Qc3 Ra1+ 39. Kc2
Rxc1+ 40. Kxc1 Rc4 41. Qxc4 Qxc4+ 0-1

[Event "Montcalm 7 2018-19"]
[Site "Quebec CAN"]
[Date "2019.05.09"]
[Round "3"]
[White "Plante, Rejean"]
[Black "Gaulin, Gaetan"]
[Result "1/2-1/2"]
[WhiteElo "2041"]
[BlackElo "1957"]
[PlyCount "114"]
[EventDate "2019.04.25"]
[EventType "swiss"]
[EventRounds "5"]
[EventCountry "CAN"]

1. c4 Nf6 2. Nf3 e6 3. g3 d5 4. Bg2 Be7 5. d4 O-O 6. O-O b6 7. Qc2 Bb7 8. Rd1
Na6 9. Ne5 c6 10. Nc3 Qc7 11. cxd5 cxd5 12. Qa4 Rfc8 13. Bf4 Qd8 14. Rac1 Nb4
15. a3 Nc6 16. b4 a6 17. Qb3 b5 18. Nf3 Qb6 19. h3 Rd8 20. g4 Rac8 21. e3 Ne8
22. Ne5 Nd6 23. Nd3 Nc4 24. Nc5 Ba8 25. Rb1 h6 26. a4 Bd6 27. Bxd6 Rxd6 28.
Nxa6 Nxd4 29. exd4 bxa4 30. Nxa4 Qxa6 31. b5 Qa5 32. Qb4 Rb8 33. Rdc1 Qd8 34.
Bf1 Nb6 35. Nc5 Rc8 36. Ra1 Rb8 37. Na6 Rc8 38. Rc5 Bb7 39. Rac1 Ra8 40. Rc7
Bxa6 41. bxa6 Nc4 42. Qc5 Rdxa6 43. Bxc4 dxc4 44. Rxc4 Ra2 45. Rb4 Qh4 46. d5
Qxh3 47. Rc8+ Rxc8 48. Qxc8+ Kh7 49. Qc1 Qa3 50. Qb1+ g6 51. Qe4 Qa6 52. Qf4
Qa7 53. dxe6 fxe6 54. Rb8 Qg7 55. Qe4 Ra7 56. Qxe6 Re7 57. Qb3 Rf7 1/2-1/2

[Event "Montcalm 7 2018-19"]
[Site "Quebec CAN"]
[Date "2019.05.16"]
[Round "4"]
[White "Dumont, Eric"]
[Black "Plante, Rejean"]
[Result "1/2-1/2"]
[WhiteElo "1651"]
[BlackElo "2041"]
[PlyCount "76"]
[EventDate "2019.04.25"]
[EventType "swiss"]
[EventRounds "5"]
[EventCountry "CAN"]

1. d4 Nf6 2. Bf4 c5 3. e3 g6 4. c3 Bg7 5. Nf3 cxd4 6. exd4 O-O 7. Bc4 d6 8. O-O
Qc7 9. Nbd2 Nbd7 10. Re1 Nb6 11. Bb3 a5 12. a4 Bf5 13. Qe2 Rae8 14. c4 Nh5 15.
Bg5 h6 16. Nh4 hxg5 17. Nxf5 Nf4 18. Nxe7+ Kh7 19. Qg4 Rxe7 20. Qxg5 Ne2+ 21.
Kf1 Rfe8 22. Nf3 d5 23. cxd5 Bh6 24. Qf6 Nd7 25. d6 Qb6 26. Qxe7 Rxe7 27. dxe7
Nf6 28. Bxf7 Nf4 29. e8=Q Nxe8 30. Bxe8 Bf8 31. Bb5 Qf6 32. Re8 Bd6 33. Rae1
Qf5 34. h4 Qg4 35. Ng5+ Kg7 36. Ne6+ Nxe6 37. R8xe6 Qxd4 38. b3 Bc5 1/2-1/2

[Event "Montcalm 7 2018-19"]
[Site "Quebec CAN"]
[Date "2019.05.16"]
[Round "4"]
[White "Gaulin, Gaetan"]
[Black "Auger, Bertrand"]
[Result "1/2-1/2"]
[WhiteElo "1957"]
[BlackElo "1925"]
[PlyCount "93"]
[EventDate "2019.04.25"]
[EventType "swiss"]
[EventRounds "5"]
[EventCountry "CAN"]

1. c4 Nf6 2. g3 e6 3. Bg2 d5 4. Nf3 Be7 5. O-O O-O 6. d4 dxc4 7. Ne5 c5 8. dxc5
Bxc5 9. Qxd8 Rxd8 10. Nxc4 Nc6 11. Nc3 Bd7 12. Bg5 h6 13. Bxf6 gxf6 14. Rfd1
Be8 15. Ne4 Be7 16. Ned6 Ne5 17. Nxe5 Bxd6 18. Nc4 Bc5 19. Bxb7 Rab8 20. Be4 f5
21. Rxd8 Rxd8 22. Bd3 Bc6 23. Rc1 Bd5 24. b3 Kg7 25. Ne3 Bd4 26. Nxd5 Rxd5 27.
Kg2 Rc5 28. Bc4 Bb2 29. Rd1 Rc7 30. f4 Ba3 31. Kf3 Bc5 32. Rd8 Bb6 33. Rd1 Bc5
34. h3 Kf6 35. g4 Re7 36. e4 fxe4+ 37. Kxe4 Rc7 38. Rd3 Rc8 39. Rd7 Re8 40. Rd3
Ke7 41. h4 Rd8 42. f5 Rxd3 43. Bxd3 Kf6 44. fxe6 fxe6 45. Kf3 Bb4 46. Bc4 Be1
47. h5 1/2-1/2

[Event "Montcalm 7 2018-19"]
[Site "Quebec CAN"]
[Date "2019.05.16"]
[Round "4"]
[White "Sarra-Bournet, Marc"]
[Black "Boissinot, Claude"]
[Result "1-0"]
[WhiteElo "1827"]
[BlackElo "1561"]
[PlyCount "59"]
[EventDate "2019.04.25"]
[EventType "swiss"]
[EventRounds "5"]
[EventCountry "CAN"]

1. e4 c5 2. Nc3 Nc6 3. f4 e6 4. Nf3 d6 5. Bb5 Bd7 6. O-O a6 7. Bxc6 Bxc6 8. f5
e5 9. d3 Nf6 10. Bg5 Be7 11. Ne2 O-O 12. Ng3 Qc7 13. c4 Rad8 14. Qe1 b5 15. b3
bxc4 16. bxc4 Rb8 17. Bxf6 Bxf6 18. Nh5 Qe7 19. Qg3 g6 20. Nxf6+ Qxf6 21. Nh4
g5 22. Nf3 h6 23. h4 Qg7 24. hxg5 hxg5 25. f6 Qg6 26. Nxg5 Rb2 27. Qh4 Rfb8 28.
Rf3 Bd7 29. Rg3 Qxf6 30. Nh7+ 1-0

[Event "Montcalm 7 2018-19"]
[Site "Quebec CAN"]
[Date "2019.05.23"]
[Round "5"]
[White "Gaulin, Gaetan"]
[Black "Dumont, Eric"]
[Result "1/2-1/2"]
[WhiteElo "1957"]
[BlackElo "1651"]
[PlyCount "48"]
[EventDate "2019.04.25"]
[EventType "swiss"]
[EventRounds "5"]
[EventCountry "CAN"]

1. Nf3 d5 2. d4 Nf6 3. e3 g6 4. Bd3 Bg7 5. Nbd2 Nbd7 6. O-O O-O 7. c4 c6 8. b3
Qc7 9. Bb2 Re8 10. Qc2 e5 11. dxe5 Ng4 12. cxd5 Ndxe5 13. Nxe5 Bxe5 14. Bxe5
Qxe5 15. Nf3 Qxd5 16. h3 Ne5 17. Nxe5 Qxe5 18. Rfe1 Be6 19. Rad1 Rad8 20. Bc4
Bf5 21. Bd3 Be6 22. Be2 Bd5 23. Bc4 Be4 24. Bd3 Bd5 1/2-1/2

[Event "Montcalm 7 2018-19"]
[Site "Quebec CAN"]
[Date "2019.05.23"]
[Round "5"]
[White "Jardine, Robert"]
[Black "Sarra-Bournet, Marc"]
[Result "0-1"]
[WhiteElo "1180"]
[BlackElo "1827"]
[PlyCount "78"]
[EventDate "2019.04.25"]
[EventType "swiss"]
[EventRounds "5"]
[EventCountry "CAN"]

1. d4 d5 2. Nf3 Nf6 3. Nc3 e6 4. Ne5 Bb4 5. Bd2 O-O 6. e3 Nbd7 7. Nf3 c5 8.
dxc5 Bxc5 9. Be2 e5 10. O-O e4 11. Nd4 Ne5 12. f4 exf3 13. Bxf3 Nxf3+ 14. Qxf3
Bg4 15. Qf2 Bh5 16. Nde2 Bg6 17. Rac1 Qd7 18. Kh1 Rae8 19. Nd4 Re5 20. Rce1 Rh5
21. Nf3 Be4 22. Ne2 Ng4 23. Qg1 Bxf3 24. Rxf3 Nxh2 25. Rh3 Rxh3 26. gxh3 Nf3
27. Qg3 Nxd2 28. Nc3 Ne4 29. Nxe4 dxe4 30. Qg2 Qe6 31. a3 Qh6 32. Qg3 Bd6 33.
Qg4 f5 34. Qg2 f4 35. exf4 Qxf4 36. Rxe4 Qc1+ 37. Qg1 Rf1 38. Rg4 Rxg1+ 39.
Rxg1 Qxc2 0-1

[Event "Montcalm-ch"]
[Site "Quebec CAN"]
[Date "2019.04.25"]
[Round "1"]
[White "Cournoyer, Dominic"]
[Black "Lapierre, Gaetan"]
[Result "1/2-1/2"]
[WhiteElo "1982"]
[BlackElo "1765"]
[PlyCount "82"]
[EventDate "2019.04.25"]
[EventType "tourn"]
[EventRounds "5"]
[EventCountry "CAN"]

1. c4 e5 2. Nc3 Nc6 3. Nf3 d6 4. g3 Nf6 5. Bg2 Be7 6. d4 O-O 7. O-O Nxd4 8.
Nxd4 exd4 9. Qxd4 c6 10. b3 Ng4 11. Bb2 Bf6 12. Qd2 Qc7 13. Rad1 Rd8 14. Ne4
Be7 15. h3 Nh6 16. Qc3 f6 17. g4 Bf8 18. f4 f5 19. g5 fxe4 20. gxh6 Bf5 21. Qg3
Qf7 22. hxg7 Be7 23. Qc3 d5 24. cxd5 cxd5 25. Kh2 Rac8 26. Qd2 b6 27. e3 Bh4
28. Rc1 Rxc1 29. Rxc1 Qg6 30. Bd4 Qg3+ 31. Kh1 Rd6 32. Qe2 Rg6 33. Qf1 Be7 34.
Rc2 Rh6 35. Qb5 Rxh3+ 36. Bxh3 Qxh3+ 37. Kg1 Qg3+ 38. Rg2 Qe1+ 39. Kh2 Qh4+ 40.
Kg1 Qe1+ 41. Kh2 Qh4+ 1/2-1/2

[Event "Montcalm-ch"]
[Site "Quebec CAN"]
[Date "2019.04.25"]
[Round "1"]
[White "Labrecque, Rejean"]
[Black "Genest, Dominic"]
[Result "1/2-1/2"]
[WhiteElo "1757"]
[BlackElo "1825"]
[PlyCount "96"]
[EventDate "2019.04.25"]
[EventType "tourn"]
[EventRounds "5"]
[EventCountry "CAN"]

1. d4 d5 2. c4 e6 3. Nf3 Nf6 4. e3 c6 5. Bd3 dxc4 6. Bxc4 b5 7. Bd3 a6 8. O-O
c5 9. dxc5 Bxc5 10. Qc2 Nbd7 11. Nbd2 Bb7 12. Ne4 Rc8 13. Nxf6+ Qxf6 14. Qe2
O-O 15. a4 e5 16. e4 b4 17. a5 Rc7 18. b3 h6 19. Bb2 Re8 20. Rfc1 Qd6 21. Rd1
Qf6 22. Bc4 Qg6 23. Bd5 Bxd5 24. Rxd5 Qf6 25. Rad1 Re7 26. h3 Qf4 27. Kf1 Ra7
28. Bc1 Qf6 29. Be3 Bxe3 30. Qxe3 Rc7 31. Rc1 Rxc1+ 32. Qxc1 Qe6 33. Qd2 Qc6
34. Qxb4 Re8 35. Qc4 Qxc4+ 36. bxc4 Nf6 37. Rxe5 Rxe5 38. Nxe5 Nxe4 39. Ke2 Kf8
40. Nd7+ Ke7 41. Nb8 Nc5 42. Ke3 Kd6 43. Kd4 Ne6+ 44. Kc3 Nc5 45. Kd4 Ne6+ 46.
Kc3 Nc5 47. Kb4 Nd3+ 48. Kc3 Nc5 1/2-1/2

[Event "Montcalm-ch"]
[Site "Quebec CAN"]
[Date "2019.04.25"]
[Round "1"]
[White "Sauve, Richard"]
[Black "Perreault, Jacquelin"]
[Result "1-0"]
[WhiteElo "1931"]
[BlackElo "1727"]
[PlyCount "105"]
[EventDate "2019.04.25"]
[EventType "tourn"]
[EventRounds "5"]
[EventCountry "CAN"]

1. d4 Nf6 2. c4 e6 3. Nc3 Bb4 4. Qc2 O-O 5. Bg5 Bxc3+ 6. Qxc3 b6 7. e3 d6 8.
Bd3 Nbd7 9. Ne2 c5 10. O-O Ba6 11. b4 cxb4 12. Qxb4 d5 13. Rfc1 Rc8 14. Qb3 h6
15. Bh4 Bxc4 16. Bxc4 dxc4 17. Rxc4 Rxc4 18. Qxc4 Qc8 19. Rc1 Qxc4 20. Rxc4 b5
21. Rc7 Ra8 22. Kf1 g5 23. Bg3 a5 24. Nc3 b4 25. Na4 Kf8 26. f3 Ke8 27. e4 Kd8
28. Ke2 Rc8 29. Rxc8+ Kxc8 30. Kd3 Kb7 31. Kc4 Kc6 32. Bf2 Ne8 33. d5+ exd5+
34. exd5+ Kb7 35. Nc5+ Nxc5 36. Kxc5 Kc7 37. Kb5 Kd6 38. Kxa5 b3 39. axb3 Kxd5
40. b4 Nd6 41. b5 f5 42. b6 Kc6 43. Kb4 h5 44. Kc3 Kd5 45. Kd3 g4 46. fxg4 fxg4
47. Bg3 Nb7 48. Ke3 Ke6 49. Bc7 Kf5 50. Kd4 h4 51. Kd5 Na5 52. Bd8 Nb7 53. Bxh4
1-0

[Event "Montcalm-ch"]
[Site "Quebec CAN"]
[Date "2019.05.02"]
[Round "2"]
[White "Cournoyer, Dominic"]
[Black "Sauve, Richard"]
[Result "1-0"]
[WhiteElo "1982"]
[BlackElo "1931"]
[PlyCount "99"]
[EventDate "2019.04.25"]
[EventType "tourn"]
[EventRounds "5"]
[EventCountry "CAN"]

1. c4 e6 2. g3 d5 3. Bg2 c6 4. b3 Nf6 5. Nf3 Be7 6. O-O O-O 7. Bb2 Nbd7 8. d3
Re8 9. Nbd2 Nf8 10. Qc2 a5 11. e4 Qb6 12. Rac1 Bd7 13. Ne5 Rac8 14. Ndf3 h6 15.
Rfe1 Qa7 16. c5 Red8 17. Bd4 dxe4 18. dxe4 Be8 19. Qb2 N8d7 20. Nxd7 Bxd7 21.
Ne5 Ne8 22. Red1 f6 23. Nxd7 Rxd7 24. Bh3 Nc7 25. Be3 Rcd8 26. Rxd7 Rxd7 27.
Bf4 Bxc5 28. Bxc7 Rxc7 29. Bxe6+ Kf8 30. Qd2 Bd4 31. Rd1 c5 32. Qf4 Qb6 33. Bd5
Rc8 34. Qf5 Rd8 35. Qh7 Rxd5 36. exd5 c4 37. bxc4 Bxf2+ 38. Kg2 Bc5 39. Qd3 Qd6
40. Re1 b6 41. Qe4 Qd7 42. Qe6 Qxe6 43. Rxe6 Kf7 44. Rc6 Bd4 45. h3 h5 46. Rc7+
Kg6 47. Kf3 Be5 48. Rb7 Bd4 49. d6 Bc5 50. d7 1-0

[Event "Montcalm-ch"]
[Site "Quebec CAN"]
[Date "2019.05.02"]
[Round "2"]
[White "Lapierre, Gaetan"]
[Black "Genest, Dominic"]
[Result "1-0"]
[WhiteElo "1765"]
[BlackElo "1825"]
[PlyCount "77"]
[EventDate "2019.04.25"]
[EventType "tourn"]
[EventRounds "5"]
[EventCountry "CAN"]

1. e4 c5 2. Nc3 e6 3. Nf3 Nc6 4. d3 Nge7 5. g3 g6 6. Bg2 Bg7 7. O-O O-O 8. Ne2
d5 9. Nd2 b5 10. a4 b4 11. exd5 exd5 12. Nb3 Qb6 13. Be3 d4 14. Bf4 Be6 15. Bd6
Bxb3 16. Bxe7 Rfe8 17. Bxc5 Qxc5 18. cxb3 Rac8 19. Rc1 Qd6 20. Bxc6 Rxc6 21.
Rc4 a5 22. Qc2 Ra6 23. Nf4 Bh6 24. Ng2 Qd7 25. Rc7 Qd5 26. Rc8 Rae6 27. Re1
Rxe1+ 28. Nxe1 Qe6 29. Rxe8+ Qxe8 30. Nf3 Qd8 31. Qc4 Bg7 32. h4 h6 33. Nd2 Be5
34. Ne4 Qb8 35. Kg2 Qd8 36. Qc6 Qc7 37. Qxc7 Bxc7 38. Nf6+ Kg7 39. Ne8+ 1-0

[Event "Montcalm-ch"]
[Site "Quebec CAN"]
[Date "2019.05.02"]
[Round "2"]
[White "Perreault, Jacquelin"]
[Black "Labrecque, Rejean"]
[Result "1-0"]
[WhiteElo "1727"]
[BlackElo "1757"]
[PlyCount "73"]
[EventDate "2019.04.25"]
[EventType "tourn"]
[EventRounds "5"]
[EventCountry "CAN"]

1. e4 c5 2. Nf3 d6 3. d4 cxd4 4. Nxd4 Nf6 5. Nc3 a6 6. Bc4 e6 7. Bb3 Be7 8. O-O
O-O 9. Qf3 Qc7 10. Re1 Nc6 11. Nxc6 bxc6 12. Bg5 Bb7 13. Rad1 Rad8 14. Qg3 Kh8
15. Re3 e5 16. Qh4 Bc8 17. Rf3 Ng8 18. Bxe7 Qxe7 19. Qxe7 Nxe7 20. Rxf7 Rxf7
21. Bxf7 Bb7 22. Na4 g6 23. Nc5 Bc8 24. Be6 d5 25. Bxc8 Rxc8 26. c3 a5 27. f3
dxe4 28. fxe4 Rb8 29. b3 Kg7 30. Rd7 Kf7 31. Ra7 Rb5 32. Nb7 Ke6 33. Nxa5 Nc8
34. Ra6 Nb6 35. c4 Rxa5 36. Rxa5 Kd6 37. c5+ 1-0

[Event "Montcalm-ch"]
[Site "Quebec CAN"]
[Date "2019.05.09"]
[Round "3"]
[White "Genest, Dominic"]
[Black "Perreault, Jacquelin"]
[Result "0-1"]
[WhiteElo "1825"]
[BlackElo "1727"]
[PlyCount "64"]
[EventDate "2019.04.25"]
[EventType "tourn"]
[EventRounds "5"]
[EventCountry "CAN"]

1. c4 f5 2. g3 Nf6 3. Nf3 b6 4. Bg2 Bb7 5. Nc3 e6 6. O-O Bb4 7. d3 Bxc3 8. bxc3
d6 9. e4 fxe4 10. Ng5 Qe7 11. Re1 h6 12. Nxe4 Nxe4 13. Qh5+ Qf7 14. Qxf7+ Kxf7
15. Bxe4 Bxe4 16. Rxe4 Nd7 17. d4 Rhe8 18. Bd2 d5 19. cxd5 exd5 20. Rf4+ Nf6
21. f3 Re2 22. Rd1 Rae8 23. h4 g6 24. g4 Kg7 25. a3 R8e6 26. g5 hxg5 27. hxg5
Ne8 28. Kf1 Nd6 29. Rf6 Nc4 30. Rxe6 Rxe6 31. Bc1 Ne3+ 32. Bxe3 Rxe3 0-1

[Event "Montcalm-ch"]
[Site "Quebec CAN"]
[Date "2019.05.09"]
[Round "3"]
[White "Labrecque, Rejean"]
[Black "Cournoyer, Dominic"]
[Result "1-0"]
[WhiteElo "1757"]
[BlackElo "1982"]
[PlyCount "111"]
[EventDate "2019.04.25"]
[EventType "tourn"]
[EventRounds "5"]
[EventCountry "CAN"]

1. d4 Nf6 2. c4 e5 3. dxe5 Ng4 4. Nf3 Nc6 5. Qd5 Bb4+ 6. Nc3 Bxc3+ 7. bxc3 Qe7
8. Bf4 f6 9. exf6 Nxf6 10. Qd3 d6 11. e3 O-O 12. Be2 Nd7 13. Qd5+ Kh8 14. Bg5
Nf6 15. Bxf6 Qxf6 16. Qd2 Be6 17. O-O Na5 18. Qd4 b6 19. Bd3 Rae8 20. Qxf6 Rxf6
21. Nd2 Nc6 22. f4 Bg8 23. Rae1 g6 24. g4 Rfe6 25. Kf2 Na5 26. f5 gxf5 27. gxf5
Re5 28. e4 Bf7 29. Kf3 Nb7 30. Kf4 Nc5 31. Bc2 Bh5 32. Re3 Nd7 33. Bd1 Bxd1 34.
Rxd1 Ra5 35. Rh3 Rxa2 36. Nf3 Nf6 37. Re1 Rf2 38. Re3 Rf1 39. Rh4 Nd7 40. Kg3
Ne5 41. Nxe5 Rxe5 42. Rf4 Rxf4 43. Kxf4 Kg7 44. Rg3+ Kf6 45. Rh3 Re7 46. Rh6+
Kf7 47. Rxh7+ Ke8 48. Rxe7+ Kxe7 49. Kg5 a5 50. Kg6 Kf8 51. h4 a4 52. h5 a3 53.
h6 Kg8 54. h7+ Kh8 55. f6 a2 56. f7 1-0